Visualizzazione normale
Vista MARC
- Branduardi Angelo
di Personal Name
Records bibliografici associati: 1
001 - CONTROL NUMBER
- control field: 37942
003 - CONTROL NUMBER IDENTIFIER
- control field: IT-RoPau
005 - DATE AND TIME OF LATEST TRANSACTION
- control field: 20151125174938.0
008 - FIXED-LENGTH DATA ELEMENTS
- fixed length control field: 151125|| aca||aabn | a|a d
040 ## - CATALOGING SOURCE
- Original cataloging agency: IT-RoPau
- Transcribing agency: IT-RoPau
100 ## - HEADING--PERSONAL NAME
- Personal name: Branduardi Angelo
- Relator term: (musica)
- Miscellaneous information: Codice Musica SPICS: 10801
670 ## - SOURCE DATA FOUND
- Source citation: Work cat.: (IT-RoPau)104836: Magni Luigi Codice regista SPICS: 11242 37940, STATE BUONI SE POTETE STATE BUONI SE POTETE (Rif. Codice opera principale : H5429)